| 000 | 01066cam a22003137a 4500 | ||
|---|---|---|---|
| 003 | CHAP | ||
| 005 | 20220817043906.0 | ||
| 008 | 030602d1980 es abd r 00010 spa d | ||
| 010 | _a87275 | ||
| 011 | _a88247 | ||
| 020 | _a8434102234 | ||
| 035 | _a98792 | ||
| 040 | _cCHAP | ||
| 082 | 0 | 4 |
_a636.085 _bH4 |
| 100 | 0 | 0 |
_aHernández Benedí, José Manuel. _953855 |
| 245 | 1 | 0 |
_aManual de nutrición y alimentación del ganado _cJosé Manuel Hernández Benedí |
| 260 |
_aMadrid : _bMinisterio de Agricultura, Pesca y Alimentación, _c1980 |
||
| 300 |
_a388 p. : _bilus. ; gráfs. ; mapas ; tablas ; diagramas |
||
| 590 |
_aBATCH-UPD _b10 _c20130110 _lUCH01 _h1548 |
||
| 590 |
_aBATCH-UPD _b10 _c20130410 _lUCH01 _h0946 |
||
| 590 |
_aBATCH-UPD _b10 _c20130914 _lUCH01 _h1845 |
||
| 590 |
_aCONVERSION _b10 _c20130109 _lUCH01 _h1348 |
||
| 650 | 1 | 4 |
_aAlimentos y alimentacion del ganado. _94326 |
| 650 | 1 | 4 | _aNutrición animal. |
| 901 | _aBK | ||
| 905 | _aMarco A. Mendoza T. | ||
| 942 | _cLIBRO | ||
| 949 |
_a636.085 H4 _bBC _cLIBRO _d33724000894184 _eLIBRO _h103651 _i98792 _si |
||
| 999 |
_c87275 _d87275 |
||